| 000 | 00440nam a2200145Ia 4500 | ||
|---|---|---|---|
| 008 | 211109s9999||||xx |||||||||||||| ||und|| | ||
| 082 |
_a579.5 _bAIN-A |
||
| 100 | _aAinsworth, G C | ||
| 245 | 0 | _aAinsworth and Bisly`s Dictionary of the Fungi Ed 15 | |
| 260 |
_bCommonwealth Mycological Institute _aKew, Surrey _c1943 |
||
| 300 | _a547p. | ||
| 630 | _xGeneral Stack | ||
| 650 |
_aMicroorganisms, fungi & algae _vFungi _xBotany |
||
| 942 | _cBOOK | ||
| 999 |
_c23209 _d23209 |
||